Responses for show #6291 - Monday, January 16, 2012

Contestants

[<< previous game]

Mike Hatch, a men's clothing sales associate from Gainesville, Georgia

Betsy Schroeder, a graduate student of veterinary medicine from Blacksburg, Virginia

Brandon Libby, an actor and Phillie Phanstormer from Mount Ephraim, New Jersey (whose 2-day cash winnings total $31,600)

[next game >>]

Jeopardy! Round responses

DR. MASSEUSE RHYMES
TAKE IT "SLOW"
GOLD
AT WIDE RECEIVER FOR THIS TEAM...
PUNCH
JUDEA
    $200 11
(Brandon: What is trapezus?)
[Brandon was originally ruled correct, but this was reversed before his interview.]

trapezius

Brandon
Triple Stumper
    $200 6
slow pitch

Betsy
    $200 15
nuggets

Betsy
    $200 1
the 49ers

Betsy
    $200 21
a punchline

Mike
    $200 24
the Roman Empire

Mike
    $400 12
triceps

Mike
    $400 7
a slow cooker

Mike
    $400 17
gold leaf

Betsy
    $400 2
the New England Patriots

Brandon
    $400 22
sucker punch

Brandon
    $600 13
minimus

Betsy
    $600 8
bang the drum slowly

Brandon
    $600 18
Au (Aurum)

Betsy
    $600 3
the Indianapolis Colts

Brandon
    $600 28
[The end-of-round signal sounds.]

the Restoration

Mike
    $800 14
sartorius

Triple Stumper
    $800 9
(Mike: What is Slowhands?)
[Mike was originally ruled correct, but this was reversed before his interview.]

Slowhand

Mike
Triple Stumper
    $800 19
the Klondike

Triple Stumper
    $800 4
the (Oakland) Raiders

Betsy
    $800 27
(Mike: What is a donkey?)

a rabbit punch

BetsyMike
    $800 26
Herod

Betsy
    $1000 16
oblique

Betsy
    $1000 10
slow motion

Mike
    $1000 20
(Mike: What is Cibola?)

El Dorado

BetsyMike
    $1000 5
the Steelers

Mike
    $1000 23
sangria

Betsy
    $1000 25
Palestine

Triple Stumper

Scores at the first commercial break (after clue 15):

Brandon Betsy Mike
$1,400 $2,000 $2,000

Scores at the end of the Jeopardy! Round:

Brandon Betsy Mike
$1,800 $7,600 $1,200

Double Jeopardy! Round responses

COATS OF ARMS
TV GUIDE SAYS
INVENTIVE MINDS
THE GREEN PAGES
WOMEN IN GOVERNMENT
_____ THE _____
    $400 24
New Zealand

Mike
    $400 16
Glee

Betsy
    $400 11
Eli Whitney

Betsy
    $400 21
(Betsy: What is The World?)
(Mike: What is The Future?)

Earth

BetsyMike
Triple Stumper
    $400 6
Seattle

Mike
    $400 1
(Brandon: What is off the wall?)

against the grain

BrandonBetsy
    $800 25
a pine tree

Triple Stumper
    $800 17
The Biggest Loser

Betsy
    $800 12
Bell

Mike
    $800 22
(Mike: What is the Arabian Desert?)
(Betsy: What is the Green Desert?)

the Sinai

BetsyMike
Triple Stumper
    $800 7
the Surgeon General

Betsy
    $800 2
up the creek

Mike
    $1200 18
Smallville

Betsy
    $1200 13
John Deere

Brandon
    $2,000 23
(Betsy: What is a dolphin?)

the whale

Betsy
    $1200 8
Sotomayor

Mike
    $1200 3
(Betsy: What is song and dance?)
(Brandon: What is pound the pavement?)

pass the hat

BrandonBetsy
Triple Stumper
    $1600 19
The Dog Whisperer

Brandon
    $1600 14
smoke

Triple Stumper
    $1600 9
Health, Education & Welfare

Triple Stumper
    $1,500 4
crack the whip

Mike
    $2000 26
(Mike: What is China?)
(Betsy: What is India?)
[The end-of-round signal sounds.]

Malaysia

BetsyMike
Triple Stumper
    $2000 20
The Big Bang Theory

Betsy
    $2000 15
(Brandon: Who is Thomas Edison?)
(Mike: Who is Daguerre?)

(George) Eastman

BrandonBetsyMike
    $2000 10
(Mike: Who is ... I don't know ... Mondale?)

Hubert Humphrey

Mike
Triple Stumper
    $2000 5
on the bridge

Mike

Scores at the end of the Double Jeopardy! Round:

Brandon Betsy Mike
$1,000 $9,200 $1,100
(lock game)

[wagering suggestions for these scores]

Final Jeopardy! Round responses

ENGLISH MONARCHS
BrandonWhat is Henry
$1,000
MikeWhat is George?
$550
BetsyWhat is William George?
$3,000
George

Final scores:

Brandon Betsy Mike
$0 $12,200 $1,650
3rd place: $1,000 New champion: $12,200 2nd place: $2,000

Game dynamics:

Coryat scores:

Brandon Betsy Mike
$1,000 $11,200 $1,200
6 R,
4 W
20 R,
5 W
(including 1 DD)
14 R
(including 1 DD),
8 W

Combined Coryat: $13,400

The J! Archive is created by fans, for fans. The Jeopardy! game show and all elements thereof, including but not limited to copyright and trademark thereto, are the property of Jeopardy Productions, Inc. and are protected under law. This website is not affiliated with, sponsored by, or operated by Jeopardy Productions, Inc. Join the discussion at JBoard.tv.